Grouse shooting: notes for grouse moor owners and shooting tenants. Issued by the Scottish Branch of the RICS (Record no. 88264)

MARC details
000 -LEADER
fixed length control field 00565cam a2200193 4500
001 - CONTROL NUMBER
control field D15442
008 - FIXED-LENGTH DATA ELEMENTS--GENERAL INFORMATION
fixed length control field 090401t1978 xxu||||| |||| 00| 0 eng d
035 ## - SYSTEM CONTROL NUMBER
System control number (Sirsi) u22864
041 ## - LANGUAGE CODE
Language code of text/sound track or separate title eng
050 ## - LIBRARY OF CONGRESS CALL NUMBER
Classification number 639.12861
110 ## - MAIN ENTRY--CORPORATE NAME
Corporate name or jurisdiction name as entry element Royal Institution of Chartered Surveyors
Subordinate unit Scottish Branch
9 (RLIN) 830
245 ## - TITLE STATEMENT
Title Grouse shooting: notes for grouse moor owners and shooting tenants. Issued by the Scottish Branch of the RICS
260 ## - PUBLICATION, DISTRIBUTION, ETC.
Name of publisher, distributor, etc. RICS
Date of publication, distribution, etc. 1978
300 ## - PHYSICAL DESCRIPTION
Extent 2. 9p. 30cm
350 ## - PRICE (NR) (BK AM CF MU VM SE) [OBSOLETE]
Price 0
520 ## - SUMMARY, ETC.
Summary, etc. Filed in Box 1978/43A
942 ## - ADDED ENTRY ELEMENTS (KOHA)
Suppress in OPAC 0
948 ## - LOCAL PROCESSING INFORMATION (OCLC); SERIES PART DESIGNATOR (RLIN)
c (OCLC) 04/03/1997
Holdings
Withdrawn status Lost status Source of classification or shelving scheme Damaged status Not for loan Home library Current library Shelving location Date acquired Total Checkouts Full call number Barcode Date last seen Copy number Price effective from Koha item type
    Other/Generic Classification Scheme     London London RICS Boxes 22/08/1991   RICS 1978/43 30026154 06/08/2019 1 06/08/2019 Reference material